| 000 | 00491nam a2200181 i 4500 | ||
|---|---|---|---|
| 001 | 36956 | ||
| 003 | ES-MaACL | ||
| 005 | 20230906155457.0 | ||
| 007 | t| | ||
| 008 | 030219s1973 sp ||||1| cat d | ||
| 100 | 1 |
_aBru de Sala, Javier. _932046 |
|
| 245 | 1 | 3 |
_aLa fi del fil / _cXavier Bru de Sala. |
| 250 | _a1ยช ed. | ||
| 260 |
_a[Barcelona] : _bProa, _c1973. |
||
| 300 |
_a55 p. : _bretr. aut. ; _c18 cm. |
||
| 500 | _aPremi Carles Riba 1972. | ||
| 852 |
_aES-MaACL _jC-52595 _bR.85901 |
||
| 999 |
_c36956 _d36956 |
||